<?xml version="1.0" encoding="UTF-8"?>
<record
    xmlns:xsi="http://www.w3.org/2001/XMLSchema-instance"
    xsi:schemaLocation="http://www.loc.gov/MARC21/slim http://www.loc.gov/standards/marcxml/schema/MARC21slim.xsd"
    xmlns="http://www.loc.gov/MARC21/slim">

  <leader>00931nam a2200229 a 4500</leader>
  <controlfield tag="001">24121</controlfield>
  <controlfield tag="003">BD-RjUL</controlfield>
  <controlfield tag="005">20211209001019.0</controlfield>
  <controlfield tag="008">181001s1901    ii            000 0 eng u</controlfield>
  <datafield tag="035" ind1=" " ind2=" ">
    <subfield code="a">(BD-RjUL)24187</subfield>
  </datafield>
  <datafield tag="040" ind1=" " ind2=" ">
    <subfield code="a">BD-RjUL</subfield>
    <subfield code="b">eng</subfield>
    <subfield code="c">BD-RjUL</subfield>
  </datafield>
  <datafield tag="041" ind1=" " ind2=" ">
    <subfield code="a">eng</subfield>
  </datafield>
  <datafield tag="082" ind1=" " ind2=" ">
    <subfield code="2">23</subfield>
    <subfield code="a">297</subfield>
    <subfield code="b">SEE 1901</subfield>
  </datafield>
  <datafield tag="100" ind1="1" ind2=" ">
    <subfield code="a">Sell, Edward,</subfield>
    <subfield code="d">1839-1932.</subfield>
    <subfield code="9">223133</subfield>
  </datafield>
  <datafield tag="245" ind1="1" ind2="0">
    <subfield code="a">Essays on Isl&#xE1;m /</subfield>
    <subfield code="c">by the Rev. E. Sell.</subfield>
  </datafield>
  <datafield tag="260" ind1=" " ind2=" ">
    <subfield code="a">Madras :</subfield>
    <subfield code="b">S.P.C.K. dep&#xF4;t ;</subfield>
    <subfield code="a">London :</subfield>
    <subfield code="b">Simpkin, Marshall, Hamilton, Kent &amp; co.,</subfield>
    <subfield code="c">1901.</subfield>
  </datafield>
  <datafield tag="300" ind1=" " ind2=" ">
    <subfield code="a">267 p. ;</subfield>
    <subfield code="c">25 cm.</subfield>
  </datafield>
  <datafield tag="500" ind1=" " ind2=" ">
    <subfield code="a">"Originally appeared in the Madras Christian college magazine."--Pref.</subfield>
  </datafield>
  <datafield tag="505" ind1="0" ind2=" ">
    <subfield code="a">The mystics of Isl&#xE1;m.--The B&#xE1;b and the B&#xE1;b&#xED;s.--The religious orders of Isl&#xE1;m.--The Khalif H&#xE1;kim and the Druses.--The status of the Zimmis.--Isl&#xE1;m in China.--The recensions of the Qur&#xE1;n.--The Han&#xED;fs.--Appendix [The Q&#xE1;ris]</subfield>
  </datafield>
  <datafield tag="650" ind1=" " ind2="0">
    <subfield code="a">Islam.</subfield>
    <subfield code="9">223134</subfield>
  </datafield>
  <datafield tag="942" ind1=" " ind2=" ">
    <subfield code="2">ddc</subfield>
    <subfield code="c">RAR</subfield>
  </datafield>
  <datafield tag="999" ind1=" " ind2=" ">
    <subfield code="c">24121</subfield>
    <subfield code="d">24121</subfield>
  </datafield>
  <datafield tag="952" ind1=" " ind2=" ">
    <subfield code="0">0</subfield>
    <subfield code="1">0</subfield>
    <subfield code="2">ddc</subfield>
    <subfield code="4">0</subfield>
    <subfield code="7">1</subfield>
    <subfield code="8">RARE</subfield>
    <subfield code="a">RUCL</subfield>
    <subfield code="b">RUCL</subfield>
    <subfield code="c">Rare</subfield>
    <subfield code="d">2018-10-01</subfield>
    <subfield code="l">0</subfield>
    <subfield code="o">RA 297 SEE 1901</subfield>
    <subfield code="r">2018-10-01 00:00:00</subfield>
    <subfield code="t">C-1</subfield>
    <subfield code="w">2018-10-01</subfield>
    <subfield code="y">RAR</subfield>
  </datafield>
</record>
